Music Quiz

Random Music Quiz
Score 0/19 Timer 05:00
0 Plays Today
Generation and Tenure Kami 7 Member % Correct
AKB48 Generation 1, 2005-2012Maeda Atsuko
100%
AKB48 Generation 2, 2006-2014Oshima Yuko
100%
AKB48 Generation 1.5, 2006-2013Shinoda Mariko
100%
AKB48 Generation 3, 2006-2017Watanabe Mayu
100%
AKB48 Generation 1, 2005-2016Takahashi Minami
100%
AKB48 Generation 1, 2005-2017Kojima Haruna
100%
AKB48 Generation 1, 2005-2013Itano Tomomi
100%
AKB48 Generation 3, 2006-presentKashiwagi Yuki
100%
SKE48 Generation 1, 2008-presentMatsui Jurina
100%
SKE48 Generation 1, 2008-2015Matsui Rena
100%
Generation and Tenure Kami 7 Member % Correct
NMB48 Generation 1, 2010-2018Yamamoto Sayaka
100%
AKB48 Generation 5, 2007-2019Sashihara Rino
93.8%
AKB48 Generation 9, 2009-2016Shimazaki Haruka
87.5%
HKT48 Generation 1, 2007-presentMiyawaki Sakura
87.5%
AKB48 Generation 9, 2009-presentYokoyama Yui
87.5%
AKB48 Generation 14, 2012-presentOkada Nana
81.3%
SKE48 Generation 3, 2009-presentSuda Akari
78.1%
Baito AKB, 2014-2015; NGT48 Generation 1, 2015-presentOgino Yuka
78.1%
AKB48 Generation 12, 2011-presentMuto Tomu
65.6%

You're not logged in!

Compare scores with friends on all Sporcle quizzes.
OR
Log In

Sporcle TV

Today on Sporcle TV


Watch our educational content, quiz creation guides, and fun videos on Sporcle TV.

Show Comments

Extras

Created Sep 11, 2019ReportNominate
Tags:akb48, Generation, tenure

Top Quizzes Today


Score Distribution

Paid Content

Your Account Isn't Verified!

In order to create a playlist on Sporcle, you need to verify the email address you used during registration. Go to your Sporcle Settings to finish the process.

Report this User

Report this user for behavior that violates our Community Guidelines.

Details: